Consejo Cuenca: (Registro nro. 8968)
[ vista simple ]
| 000 -CABECERA | |
|---|---|
| Campo de control | 00527nam a22001577a 4500 |
| 005 - FECHA Y HORA DE LA ULTIMA TRANSACCION | |
| Campo de control | 20150114093127.0 |
| 008 - ELEMENTOS DE LONGITUD FIJA—INFORMACION GENERAL | |
| Campo de control | 150114b ck |||||r|||| 00| 0 spa d |
| 040 ## - FUENTE DE CATALOGACIÓN | |
| Agencia catalogadora original | CO-BoIAVH |
| Agencia transcriptora | CO-BoIAVH |
| 041 ## - IDIOMA | |
| Código de idioma para texto/pista de sonido o título separado | Español |
| 044 ## - PAÍS DE PUBLICACIÓN | |
| País de publicación | Colombia |
| 090 ## - CLASIFICACIÓN LOCAL | |
| Colección | EA |
| Consecutivo | 00257 |
| 245 ## - MENCION DE TITULO | |
| Título | Consejo Cuenca: |
| Parte restante del título | Plan de Ordenación y Manejo Ambiental Cuenca del Río La Miel |
| 260 ## - PUBLICACION, DISTRIBUCION, ETC. (PIE DE IMPRENTA) | |
| Lugar de publicación, distribución, etc. | Caldas : |
| Nombre del editor, distribuidor, etc. | corporación Autónoma Regional de Caldas, |
| -- | Corporación Aldea Global, |
| Fecha de publicación, distribución, etc. | [Sin fecha de publicación] |
| 300 ## - DESCRIPCION FISICA | |
| Extensión | 6 pag |
| Otros detalles físicos | Fot (col) |
| Dimensiones | 22 cm. |
| 942 ## - ELEMENTOS ADICIONALES (KOHA) | |
| Sistema de clasificación | Local |
| Tipo de ítem | Libro |
No hay ítems disponibles.